The third eye : (Record no. 284321)
[ view plain ]
| 000 -LEADER | |
|---|---|
| fixed length control field | 00540nam a22001690 4500 |
| 001 - CONTROL NUMBER | |
| control field | ocn0345340388 |
| 003 - CONTROL NUMBER IDENTIFIER | |
| control field | PILC |
| 005 - DATE AND TIME OF LATEST TRANSACTION | |
| control field | 20150522160253.0 |
| 008 - FIXED-LENGTH DATA ELEMENTS--GENERAL INFORMATION | |
| fixed length control field | /0/2 |
| 010 ## - LIBRARY OF CONGRESS CONTROL NUMBER | |
| LC control number | 5811100 |
| 050 ## - LIBRARY OF CONGRESS CALL NUMBER | |
| Classification number | BL 1490 |
| Item number | .L799 1958 |
| 100 1# - MAIN ENTRY--PERSONAL NAME | |
| Personal name | Lobsang Rampa, Tuesday. |
| 245 14 - TITLE STATEMENT | |
| Title | The third eye : |
| Remainder of title | the autobiography of a Tibetan lama / |
| Statement of responsibility, etc | T. Lobsang Rampa ; illustrated by Tessa Theobald. |
| 260 ## - PUBLICATION, DISTRIBUTION, ETC. (IMPRINT) | |
| Place of publication, distribution, etc | New York : |
| Name of publisher, distributor, etc | Ballantine Books, |
| Date of publication, distribution, etc | 1958. |
| 300 ## - PHYSICAL DESCRIPTION | |
| Extent | 221 pages : |
| Other physical details | illustrations ; |
| Dimensions | 18 cm. |
| 942 ## - ADDED ENTRY ELEMENTS (KOHA) | |
| Source of classification or shelving scheme | Library of Congress Classification |
| Koha item type | Books |
| Call number prefix | Foreign |
| Withdrawn status | Lost status | Source of classification or shelving scheme | Damaged status | Home library | Current library | Shelving location | Date acquired | Source of acquisition | Total Checkouts | Full call number | Barcode | Date last seen | Price effective from | Koha item type |
|---|---|---|---|---|---|---|---|---|---|---|---|---|---|---|
| Library of Congress Classification | College Library | College Library | Fiction Section | 05/22/2015 | Library Fund | BL 1490 .L799 1958 | C19351 | 05/08/2018 | 05/22/2015 | Books |